Central Library OPAC University of Rajshahi

The life and times of Niccolò Machiavelli / (Record no. 26555)

MARC details
000 -LEADER
fixed length control field 01005nam a2200265 a 4500
001 - CONTROL NUMBER
control field 26555
003 - CONTROL NUMBER IDENTIFIER
rucl marc code BD-RjUL
005 - DATE AND TIME OF LATEST TRANSACTION
control field 20211209051031.0
008 - FIXED-LENGTH DATA ELEMENTS--GENERAL INFORMATION
fixed length control field 140322r19681892enk 001 0 eng d
035 ## - SYSTEM CONTROL NUMBER
System control number (BD-RjUL)26625
040 ## - CATALOGING SOURCE
Original cataloging agency DLC
Language of cataloging eng
Transcribing agency DLC
Modifying agency BD-RjUL
041 ## - LANGUAGE CODE
Language code of text/sound track or separate title eng
082 00 - DEWEY DECIMAL CLASSIFICATION NUMBER
Classification number 914.5036
Author mark and year VIL V-2 1968
100 1# - MAIN ENTRY--PERSONAL NAME
Personal name Villari, Pasquale,
Dates associated with a name 1827-1917.
9 (RLIN) 79634
245 14 - TITLE STATEMENT
Title The life and times of Niccolò Machiavelli /
Statement of responsibility, etc. by Pasquale Villari ; translated by Linda Villari.
Number of part/section of a work Volume II
250 ## - EDITION STATEMENT
Edition statement New ed.
260 ## - PUBLICATION, DISTRIBUTION, ETC. (IMPRINT)
Place of publication, distribution, etc. New York :
Name of publisher, distributor, etc. Greenwood Press,
Date of publication, distribution, etc. 1892 [Reprinted 1968].
300 ## - PHYSICAL DESCRIPTION
Pagination xii, 597 p. :
Illustrations ill.;
Size 24 cm.
500 ## - GENERAL NOTE
General note Translation of: Niccolò Machiavelli e i suoi tempi
504 ## - BIBLIOGRAPHY, ETC. NOTE
Bibliography, etc Includes index.
505 0# - FORMATTED CONTENTS NOTE
Formatted contents note Vol. 1: Book The First, Chapters 1-13 ; Appendix -- Vol. 2: Book The First, Chapters 14-16 ; Book The Second,Chapters 1-18 ; Appendix
600 10 - SUBJECT ADDED ENTRY--PERSONAL NAME
Personal name Machiavelli, Niccolò,
Dates associated with a name 1469-1527.
651 #0 - SUBJECT ADDED ENTRY--GEOGRAPHIC NAME
Geographic name Italy
General subdivision History
Chronological subdivision 1492-1559.
9 (RLIN) 79637
942 ## - ADDED ENTRY ELEMENTS (KOHA)
Source of classification or shelving scheme Dewey Decimal Classification
Koha item type Books
Holdings
Lost status Source of classification or shelving scheme Damaged status Not for loan Collection code Permanent Location Current Location Shelving location Date acquired Total Checkouts Full call number Date last seen Copy number Koha item type
  Dewey Decimal Classification     Non-fiction Central Library, University of Rajshahi Central Library, University of Rajshahi   22/09/1971   914.5036 VIL V-2 1968 22/03/2014 C-2 Books